| 000 -LEADER |
| fixed length control field |
01210 a2200325 4500 |
| 003 - CONTROL NUMBER IDENTIFIER |
| control field |
OSt |
| 005 - DATE AND TIME OF LATEST TRANSACTION |
| control field |
20180116192328.0 |
| 008 - FIXED-LENGTH DATA ELEMENTS--GENERAL INFORMATION |
| fixed length control field |
110809t xxu||||| |||| 00| 0 eng d |
| 010 ## - LIBRARY OF CONGRESS CONTROL NUMBER |
| LC control number |
2008014415 |
| 020 ## - INTERNATIONAL STANDARD BOOK NUMBER |
| International Standard Book Number |
0071494375 (alk. paper) |
| 020 ## - INTERNATIONAL STANDARD BOOK NUMBER |
| International Standard Book Number |
9780071494373 (alk. paper) |
| 035 ## - SYSTEM CONTROL NUMBER |
| System control number |
(OCoLC)ocn218191328 |
| 035 ## - SYSTEM CONTROL NUMBER |
| System control number |
(OCoLC)218191328 |
| 040 ## - CATALOGING SOURCE |
| Transcribing agency |
0 |
| 082 00 - DEWEY DECIMAL CLASSIFICATION NUMBER |
| Classification number |
690 |
| 245 00 - TITLE STATEMENT |
| Title |
Land development handbook : |
| Remainder of title |
planning, engineering, and surveying / |
| Statement of responsibility, etc. |
Dewberry ; editor-in-chief, Sidney O. Dewberry; coordinating editor, Lisa N. Rauenzahn. |
| 250 ## - EDITION STATEMENT |
| Edition statement |
3rd ed. |
| 260 ## - PUBLICATION, DISTRIBUTION, ETC. |
| Place of publication, distribution, etc. |
New York : |
| Name of publisher, distributor, etc. |
McGraw-Hill, |
| Date of publication, distribution, etc. |
c2008. |
| 300 ## - PHYSICAL DESCRIPTION |
| Extent |
xxxii, 1135 p., [15] p. of plates : |
| Other physical details |
ill. (some col.), maps, plans (some col.) ; |
| Dimensions |
29 cm. |
| 500 ## - GENERAL NOTE |
| General note |
Includes index |
| 650 #0 - SUBJECT ADDED ENTRY--TOPICAL TERM |
| Topical term or geographic name entry element |
Surveying |
| 9 (RLIN) |
14 |
| 650 #0 - SUBJECT ADDED ENTRY--TOPICAL TERM |
| Topical term or geographic name entry element |
Real estate development |
| General subdivision |
Planning |
| 9 (RLIN) |
15 |
| 650 #0 - SUBJECT ADDED ENTRY--TOPICAL TERM |
| Topical term or geographic name entry element |
Engineering geology |
| 9 (RLIN) |
16 |
| 700 1# - ADDED ENTRY--PERSONAL NAME |
| Personal name |
Dewberry, Sidney O. |
| 9 (RLIN) |
17 |
| 700 1# - ADDED ENTRY--PERSONAL NAME |
| Personal name |
Rauenzahn, Lisa N. |
| 9 (RLIN) |
18 |
| 710 2# - ADDED ENTRY--CORPORATE NAME |
| Corporate name or jurisdiction name as entry element |
Dewberry Companies. |
| 9 (RLIN) |
19 |
| 856 41 - ELECTRONIC LOCATION AND ACCESS |
| Materials specified |
Table of contents only |
| Uniform Resource Identifier |
<a href="http://www.loc.gov/catdir/toc/ecip0814/2008014415.html">http://www.loc.gov/catdir/toc/ecip0814/2008014415.html</a> |
| 942 ## - ADDED ENTRY ELEMENTS (KOHA) |
| Institution code [OBSOLETE] |
SADA |
| Koha item type |
Book |
| Call number prefix |
REF 690 LAN 2008 |
| Source of classification or shelving scheme |
|